000 00403nam a22001337a 4500
082 _a512.02
_bCHA
_cL-1, P-30
100 _aChaudhuri N P
_939137
245 _aAbstract algebra
_cN P Chaudhuri
260 _aNew Delhi
_bTata McGraw- Hill Publishing company limited
_c c 1983.
300 _a152 p. :
_bill. ;
_c20 cm
526 _a0
_b0
_c0
_d512_020000000000000_CHA
650 _aMCE
_9379
942 _2ddc
_cBK
999 _c543677
_d543677